000 00526nam a2200193Ia 4500
005 20250508164113.0
008 008 250505s9999 xx 000 0 eng d
020 _a81-7022-922-7
037 _aTextual
040 _aFEDL
_beng
_cFEDL
041 _aeng
_2eng
084 _a305.8, SHA
_qFEDL
100 _aShah Ghanshyam Ed.
245 0 _aDalits and the state
260 _aNew Delhi, India
_bConcept Publishing company
_c2002
300 _a396p.
942 _cTEXL
_h305.8, SHA
999 _c1387074
_d1387074